000 00914nam0a2200301 4500
001 RU\NLR\bibl\112394
005 20250617092736.0
010 _a5-267-00055-8
_910000
021 _aRU
_b2000-21697
_91022
035 _a(NLR Aleph) 000110030
090 _a623939
_c623939
100 _a20001011d2000 |||y0rusy50 ca
101 1 _arus
_ccze
102 _aRU
105 _ac |||||||||
200 1 _aВальс на прощание
_fМилан Кундера
_g[Пер. с чеш. Нины Шульгиной]
210 _aСПб.
_cАзбука
_d2000
215 _a331,[1] с.
_cпортр.
_d19
225 1 _aАзбука - 2000
686 _aШ6(4Че)177-440.4
700 1 _aКундера
_bМ.
_gМилан
_4070
801 0 _aRU
_bNLR
_c20001011
_gPSBO
801 1 _aRU
_bNLR
_c20001011
852 _aNLR
_j2000-3/11500
942 _cBOOK
980 _aNB